000 004910000a22001930004500
001 000832
003 MACL
005 20150908154258.0
008 150908b xxu||||| |||| 00| 0 eng d
040 _aMACL
_cMACL
041 _aEnglish
082 _a808.84?MUR
100 _aMukharjee, S.N.
_99337
245 _aCitizen Historian
_bExplorations In Historiography
_cS.N. Mukharjee
260 _aDelhi
_c1996
_bSydney Studies,
350 _a250
650 _aHistory
_99338
942 _k809
_cBK
_2ddc
999 _c830
_d830